| 000 | 01002nac a22003137a 4500 | ||
|---|---|---|---|
| 001 | BR9301880 | ||
| 003 | BR-BrBNA | ||
| 005 | 20240105121454.0 | ||
| 008 | 230509b bl.|||m| |||| 00| 0 por d | ||
| 040 |
_aBR-BrBNA _bpor _cBiblioteca Nacional de Agricultura |
||
| 072 | _aH20 | ||
| 090 | _a1410 BR9301880 | ||
| 100 | 1 | _aPoltronieri, L.S. | |
| 100 | 1 | _aOliveira, A.F.F. de | |
| 110 | 1 |
_aUnidade de Execucao de Pesquisa de Ambito Estadual de Belem, PA (Brasil) _910340 |
|
| 245 | 1 | _aMela do feijoeiro: alternativas de controle | |
| 260 | 3 |
_aBelem, PA (Brasil): _c1990. |
|
| 300 | _a12 p. | ||
| 490 |
_aCircular Tecnica - Unidade de Execucao de Pesquisa de Ambito Estadual de Belem (Brazil) _vno. 3 _xISSN 0103-3166 |
||
| 500 | _a31 ref. | ||
| 650 | _aFeijao | ||
| 650 | _aMela | ||
| 650 | _aControle Quimico | ||
| 650 | _aControle Cultural | ||
| 650 | _aControle Biologico | ||
| 650 | _aControle Genetico | ||
| 909 |
_a202312 _bLúcia Elande _c55 _dLúcia Elande |
||
| 942 |
_2AGRIS _n0 _cMS |
||
| 999 |
_c285510 _d285510 |
||